[Rezension von: Drug courts and the criminal justice system]

Gespeichert in:  
Bibliographische Detailangaben
1. VerfasserIn: Price, Tracey (Verfasst von)
Medienart: Elektronisch Rezension
Sprache:Englisch
Veröffentlicht: 2021
In: Criminology & criminal justice
Jahr: 2021, Band: 21, Heft: 3, Seiten: 429-431
Online-Zugang: Volltext (lizenzpflichtig)
Verfügbarkeit prüfen: HBZ Gateway
Schlagwörter:

MARC

LEADER 00000caa a2200000 c 4500
001 1760353795
003 DE-627
005 20230428014401.0
007 cr uuu---uuuuu
008 210613s2021 xx |||||oo 00| ||eng c
024 7 |a 10.1177/1748895820911797  |2 doi 
035 |a (DE-627)1760353795 
035 |a (DE-599)KXP1760353795 
040 |a DE-627  |b ger  |c DE-627  |e rda 
041 |a eng 
084 |a 2,1  |2 ssgn 
100 1 |a Price, Tracey  |e VerfasserIn  |4 aut 
245 1 0 |a [Rezension von: Drug courts and the criminal justice system]  |c reviewed by: Tracey Price 
264 1 |c 2021 
336 |a Text  |b txt  |2 rdacontent 
337 |a Computermedien  |b c  |2 rdamedia 
338 |a Online-Ressource  |b cr  |2 rdacarrier 
655 7 |a Rezension  |0 (DE-588)4049712-4  |0 (DE-627)106186019  |0 (DE-576)209083166  |2 gnd-content 
773 0 8 |i Enthalten in  |t Criminology & criminal justice  |d London [u.a.] : Sage, 2006  |g 21(2021), 3, Seite 429-431  |h Online-Ressource  |w (DE-627)337806837  |w (DE-600)2063005-0  |w (DE-576)096290994  |x 1748-8966  |7 nnas 
773 1 8 |g volume:21  |g year:2021  |g number:3  |g pages:429-431 
787 0 8 |i Rezension von  |t Drug courts and the criminal justice system  |d Boulder : Lynne Rienner Publishers, 2018  |h ix, 227 Seiten  |w (DE-627)1635212847  |w (DE-576)50142377X  |z 9781626376977 
856 4 0 |u https://doi.org/10.1177/1748895820911797  |x Resolving-System  |z lizenzpflichtig  |3 Volltext  |7 1 
935 |a mkri 
951 |a AR 
ELC |a 1 
LOK |0 000 xxxxxcx a22 zn 4500 
LOK |0 001 3937627626 
LOK |0 003 DE-627 
LOK |0 004 1760353795 
LOK |0 005 20210613061630 
LOK |0 008 210613||||||||||||||||ger||||||| 
LOK |0 035   |a (DE-2619)KrimDok#2021-06-12#36B8509D54EC78D9F32A15F33D8D0922B6ABFFA1 
LOK |0 040   |a DE-2619  |c DE-627  |d DE-2619 
LOK |0 092   |o n 
LOK |0 852   |a DE-2619 
LOK |0 852 1  |9 00 
LOK |0 935   |a zota 
LOK |0 939   |a 13-06-21  |b l01 
ORI |a SA-MARC-krimdoka001.raw